| 000 | 01035 a2200181 4500 | ||
|---|---|---|---|
| 003 | NUST | ||
| 005 | 20221213182743.0 | ||
| 020 | _a0380506823 | ||
| 040 | _cNust | ||
| 082 | _a303.483,WLE | ||
| 100 |
_aWiener, Norbert, _936464 |
||
| 245 |
_aThe human use of human beings : _bcybernetics and society / _c by Norbert Wiener. |
||
| 260 |
_aGarden City, _b New York : _c 1954.. |
||
| 300 |
_a199 p.; _b18 cm. |
||
| 505 | _aCybernetics in History (Page-23), Progress and Entropy (Page-41), Rigidity and Learning: Two patterns of Communicative Behavior (Page-67), The Mechanism and History of Language (Page-101), Organization as the Message (Page-129), Law and Communication (Page-143), Communication, Secrecy, and Social policy (Page-153), Role of the intellectual and the Scientist (Page-179), The First and the Second industrial Revolution (Page-185), Some Communication Machines and Their Future (Page-223), Language, Confusion, and Jam (Page-255). | ||
| 650 |
_aThe human use of human beings _9104806 |
||
| 942 |
_2ddc _cBK _k303.483,WLE |
||
| 999 |
_c184760 _d184760 |
||